[Event "Mittelfranken-chT 0405"]
[Site "Germany"]
[Date "2005.01.23"]
[Round "5.5"]
[White "Reuschl, Stefan"]
[Black "Lunz, Dieter"]
[Result "0-1"]
[WhiteElo "1747"]
[BlackElo "1910"]
[PlyCount "78"]
[EventDate "2004.10.17"]
[EventType "team"]
[EventRounds "9"]
[EventCountry "GER"]
[SourceTitle "EXT 2007"]
[Source "ChessBase"]
[SourceDate "2006.11.23"]
[SourceVersion "1"]
[SourceVersionDate "2006.11.23"]
[SourceQuality "1"]

1. e4 e6 2. d4 d5 3. exd5 exd5 4. Bd3 Bd6 5. c3 Ne7 6. Bg5 h6 7. Bh4 0-0 8. Nf3 f5 9. Bxe7 Qxe7+ 10. Qe2 Qxe2+ 11. Kxe2 b6 12. Re1 c5 13. Nbd2 Ba6 14. Bxa6 Nxa6 15. dxc5 Nxc5 16. Kd1 Nd3 17. Re6 Nxf2+ 18. Ke2 Ne4 19. Nxe4 fxe4 20. Rxd6 exf3+ 21. gxf3 Rf5 22. Rg1 Re8+ 23. Kf2 Rfe5 24. Rd1 Re2+ 25. Kg3 Rxb2 26. R1xd5 Rxa2 27. Rd7 Ree2 28. Rb7 Rxh2 29. Rdd7 Rhg2+ 30. Kf4 Ra4+ 31. Ke3 h5 32. Rb8+ Kh7 33. Rdd8 Rc4 34. Rh8+ Kg6 35. Kd3 Rc6 36. Rb7 a5 37. Rg8 Kh7 38. Rf8 h4 39. Rf4 Rh6 0-1

[Event "Mittelfranken Mitte-ch 0405"]
[Site "Zirndorf"]
[Date "2005.??.??"]
[Round "6"]
[White "Klein, Markus1111"]
[Black "Reuschl, Stefan"]
[Result "1-0"]
[WhiteElo "1589"]
[BlackElo "1747"]
[PlyCount "79"]
[EventDate "2005.01.02"]
[EventType "swiss"]
[EventRounds "7"]
[EventCountry "GER"]
[SourceTitle "EXT 2015"]
[Source "ChessBase"]
[SourceDate "2014.11.20"]
[SourceVersion "1"]
[SourceVersionDate "2014.11.20"]
[SourceQuality "1"]

1. d4 Nf6 2. Nf3 e6 3. c4 c5 4. d5 exd5 5. cxd5 d6 6. Nc3 Be7 7. h3 a6 8. a4 Bf5 9. e3 0-0 10. Bd3 Qc8 11. Qc2 Bxd3 12. Qxd3 a5 13. 0-0 Na6 14. e4 Nb4 15. Qe2 Re8 16. Bf4 Nh5 17. Bh2 f5 18. Nd2 Nf6 19. Nc4 Qc7 20. Nb5 Qd8 21. Nbxd6 Bxd6 22. Nxd6 Re7 23. f3 fxe4 24. Nxe4 Nxe4 25. fxe4 Qxd5 26. exd5 Rxe2 27. d6 Nd5 28. Rad1 Nf6 29. d7 Rd8 30. Rxf6 gxf6 31. Bc7 Rxd7 32. Rxd7 Rxb2 33. Bxa5 Ra2 34. Rxb7 Rxa4 35. Bc3 Rf4 36. Kh2 c4 37. Kg3 Rf1 38. Rc7 f5 39. Rg7+ Kh8 40. Rg4# 1-0

[Event "Mittelfranken Mitte-ch 0405"]
[Site "Zirndorf"]
[Date "2005.??.??"]
[Round "5"]
[White "Reuschl, Stefan"]
[Black "Woerl, Richard"]
[Result "1/2-1/2"]
[WhiteElo "1747"]
[BlackElo "1953"]
[PlyCount "68"]
[EventDate "2005.01.02"]
[EventType "swiss"]
[EventRounds "7"]
[EventCountry "GER"]
[SourceTitle "EXT 2015"]
[Source "ChessBase"]
[SourceDate "2014.11.20"]
[SourceVersion "1"]
[SourceVersionDate "2014.11.20"]
[SourceQuality "1"]

1. e4 c5 2. Nf3 Nc6 3. d4 cxd4 4. Nxd4 e5 5. Nb5 d6 6. N1c3 a6 7. Na3 b5 8. Nd5 Nf6 9. Bg5 Be7 10. Bxf6 Bxf6 11. c4 bxc4 12. Nxc4 0-0 13. Nxf6+ Qxf6 14. Qxd6 Qxd6 15. Nxd6 Nb4 16. 0-0-0 Nxa2+ 17. Kb1 Nb4 18. Bc4 Be6 19. Bxe6 fxe6 20. f3 Rfd8 21. Nb7 Rd4 22. Rc1 Rb8 23. Rc7 Rd2 24. Rhc1 Rxg2 25. Rd1 Rxh2 26. b3 Rg2 27. Rdd7 h5 28. Nd8 Na2 29. Nxe6 Kh8 30. Nxg7 Nc3+ 31. Kc1 Ne2+ 32. Kd1 Nf4 33. Nf5 Kg8 34. Nh6+ Kf8 1/2-1/2

[Event "Mittelfranken Mitte-ch 0405"]
[Site "Zirndorf"]
[Date "2005.??.??"]
[Round "2"]
[White "Suess, Helmut"]
[Black "Reuschl, Stefan"]
[Result "1-0"]
[WhiteElo "1883"]
[BlackElo "1747"]
[PlyCount "55"]
[EventDate "2005.01.02"]
[EventType "swiss"]
[EventRounds "7"]
[EventCountry "GER"]
[SourceTitle "EXT 2015"]
[Source "ChessBase"]
[SourceDate "2014.11.20"]
[SourceVersion "1"]
[SourceVersionDate "2014.11.20"]
[SourceQuality "1"]

1. Nf3 d5 2. c4 dxc4 3. e3 Bg4 4. Bxc4 e6 5. Qb3 Bxf3 6. gxf3 b6 7. d4 Nf6 8. Nc3 c6 9. Bd2 Nbd7 10. e4 Qc7 11. Rc1 Qb7 12. 0-0 Be7 13. Be3 0-0 14. Rfd1 a6 15. Rd2 b5 16. Rcd1 Rab8 17. Be2 Rfd8 18. Bf4 Rbc8 19. a4 c5 20. dxc5 Nxc5 21. Rxd8+ Rxd8 22. Rxd8+ Bxd8 23. Qd1 Bb6 24. axb5 axb5 25. Bxb5 h6 26. Qd6 Nfd7 27. b4 Qa7 28. bxc5 1-0

[Event "Mittelfranken-chT 0405"]
[Site "Germany"]
[Date "2004.12.19"]
[Round "4.7"]
[White "Scheuerlein, Gerhard"]
[Black "Reuschl, Stefan"]
[Result "1-0"]
[WhiteElo "1681"]
[BlackElo "1766"]
[PlyCount "49"]
[EventDate "2004.10.17"]
[EventType "team"]
[EventRounds "9"]
[EventCountry "GER"]
[SourceTitle "EXT 2007"]
[Source "ChessBase"]
[SourceDate "2006.11.23"]
[SourceVersion "1"]
[SourceVersionDate "2006.11.23"]
[SourceQuality "1"]

1. Nf3 Nf6 2. c4 g6 3. Nc3 c5 4. g3 Bg7 5. Bg2 Nc6 6. 0-0 d6 7. Rb1 Bf5 8. d3 Qd7 9. Re1 Bh3 10. Bh1 h5 11. Bg5 h4 12. Bxh4 Nh7 13. e4 Bg4 14. Qd2 f6 15. Nd5 Bxf3 16. Bxf3 Ne5 17. Bg2 g5 18. f4 Nf7 19. e5 gxh4 20. e6 Qd8 21. exf7+ Kxf7 22. Rxe7+ Kf8 23. Qe2 hxg3 24. Qe6 gxh2+ 25. Kh1 1-0

[Event "Mittelfranken-chT 0405"]
[Site "Germany"]
[Date "2004.12.05"]
[Round "3.7"]
[White "Reuschl, Stefan"]
[Black "Hintyes, Helmuth"]
[Result "1-0"]
[WhiteElo "1766"]
[BlackElo "1811"]
[PlyCount "99"]
[EventDate "2004.10.17"]
[EventType "team"]
[EventRounds "9"]
[EventCountry "GER"]
[SourceTitle "EXT 2007"]
[Source "ChessBase"]
[SourceDate "2006.11.23"]
[SourceVersion "1"]
[SourceVersionDate "2006.11.23"]
[SourceQuality "1"]

1. e4 c5 2. Nf3 Nc6 3. d4 cxd4 4. Nxd4 d6 5. Nc3 g6 6. Be3 Bg7 7. Qd2 Bd7 8. Be2 Rc8 9. Nxc6 bxc6 10. 0-0 Qc7 11. Rfd1 Nf6 12. h3 0-0 13. f4 Ne8 14. g4 Qb7 15. Rab1 Nc7 16. e5 d5 17. Bc5 Rfe8 18. Bd3 Ne6 19. Ba3 Qb6+ 20. Kh2 Bh6 21. Rf1 Qc7 22. g5 Nxg5 23. fxg5 Qxe5+ 24. Qf4 Qxf4+ 25. Rxf4 Bxg5 26. Ra4 Rc7 27. Bc5 e5 28. Re1 e4 29. Bf1 Rb7 30. Rxa7 Rxb2 31. Rxd7 Rxc2+ 32. Re2 Rxc3 33. Bd4 Rc1 34. Rf2 Be7 35. Ba6 f5 36. Rb2 Kf7 37. Rbb7 Ke6 38. Ra7 Bd6+ 39. Kg2 Re7 40. Bc8 Kf7 41. Rxd6 Rc2+ 42. Kg3 Rxa7 43. Bxa7 Rxa2 44. Bc5 Rc2 45. Rxc6 Rc3+ 46. Kf4 Rd3 47. Rc7+ Kf6 48. Be7+ Kf7 49. Bg5+ Kf8 50. Bf6 1-0

[Event "Mittelfranken-chT 0405"]
[Site "Germany"]
[Date "2004.10.17"]
[Round "1.7"]
[White "Reuschl, Stefan"]
[Black "Rauh, Karlheinz"]
[Result "1/2-1/2"]
[WhiteElo "1745"]
[BlackElo "1731"]
[PlyCount "69"]
[EventDate "2004.10.17"]
[EventType "team"]
[EventRounds "9"]
[EventCountry "GER"]
[SourceTitle "EXT 2007"]
[Source "ChessBase"]
[SourceDate "2006.11.23"]
[SourceVersion "1"]
[SourceVersionDate "2006.11.23"]
[SourceQuality "1"]

1. e4 e5 2. Nf3 Nc6 3. Bc4 Bc5 4. c3 d6 5. b4 Bb6 6. a4 a6 7. d3 h6 8. Nbd2 Qf6 9. Bb2 Nge7 10. Qb3 0-0 11. Rf1 Ng6 12. 0-0-0 Be6 13. Bxe6 fxe6 14. Nc4 Ba7 15. Ne3 Nce7 16. d4 Rfd8 17. d5 b5 18. dxe6 bxa4 19. Qc4 c5 20. Nd5 Nxd5 21. exd5 cxb4 22. Qxb4 Nf4 23. Qe4 Bc5 24. Qxa4 Nxg2 25. Nd2 Nh4 26. Qg4 Qe7 27. Ne4 Rac8 28. f4 Be3+ 29. Kc2 Bxf4 30. Ba3 Qc7 31. Qxh4 Qc4 32. Qe1 Qa4+ 33. Kd3 Qc4+ 34. Kc2 Qa4+ 35. Kd3 1/2-1/2

[Event "Mittelfranken-ch QT 53rd"]
[Site "Lauf"]
[Date "2004.04.09"]
[Round "6"]
[White "Reuschl, Stefan"]
[Black "Lang, Franz"]
[Result "1-0"]
[WhiteElo "1686"]
[BlackElo "1701"]
[PlyCount "87"]
[EventDate "2004.04.07"]
[EventType "swiss"]
[EventRounds "7"]
[EventCountry "GER"]
[SourceTitle "EXT 2015"]
[Source "ChessBase"]
[SourceDate "2014.11.20"]
[SourceVersion "1"]
[SourceVersionDate "2014.11.20"]
[SourceQuality "1"]

1. e4 e5 2. Nf3 d5 3. Nxe5 Bd6 4. d4 dxe4 5. Nc4 Nf6 6. Bg5 Be7 7. Be2 Bf5 8. 0-0 Nc6 9. c3 Nd5 10. Bxe7 Qxe7 11. Bg4 Bg6 12. Re1 0-0 13. Nbd2 f5 14. Be2 Qg5 15. Bf1 Rae8 16. Qb3 Kh8 17. Qxb7 Nce7 18. Qxa7 Bh5 19. Kh1 Qf4 20. Kg1 Rf6 21. Qa4 Rh6 22. g3 Qg5 23. Nxe4 Qg6 24. Ned2 f4 25. Bg2 Rf8 26. Ne5 Qf5 27. Qd7 fxg3 28. Qxf5 gxh2+ 29. Kxh2 Rxf5 30. Kg1 Nf4 31. Kf1 g5 32. Ne4 Nxg2 33. Kxg2 Nd5 34. Ng3 Nf4+ 35. Kg1 Nh3+ 36. Kg2 Rxf2+ 37. Kxh3 Bf7+ 38. Nh5 Rxh5+ 39. Kg3 Rhh2 40. Nxf7+ Kg7 41. Nxg5 Rhg2+ 42. Kh4 Rf4+ 43. Kh3 Rxg5 44. Rg1 1-0